Pokémon Karten Basis Set 1. Gen - Statistiken

Allgemein
  • Dieses Quiz wurde 111 mal gespielt
  • Das Durchschnittsergebnis liegt bei 58 aus 102
Antwortstatistiken
Hint Antwort Typ Seltenheit % Korrekt
4/102 Glurak Feuer ☆H
97%
2/102 Turtok Wasser ☆H
95%
15/102 Bisaflor Pflanze ☆H
91%
10/102 Mewtu Psycho ☆H
90%
63/102 Schiggy Wasser
90%
42/102 Schillok Wasser
90%
1/102 Simsala Psycho ☆H
90%
44/102 Bisasam Pflanze
89%
46/102 Glumanda Feuer
89%
24/102 Glutexo Feuer
89%
32/102 Kadabra Psycho
87%
30/102 Bisaknosp Pflanze
86%
58/102 Pikachu Elektro
86%
43/102 Abra Pscho
85%
14/102 Raichu Elektro ☆H
84%
52/102 Machollo Kampf
81%
34/102 Maschock Kampf
81%
8/102 Machomei Kampf ☆H
80%
20/102 Elektek Elektro
77%
6/102 Garados Wasser ☆H
77%
22/102 Tauboga Farblos
76%
57/102 Taubsi Farblos
76%
35/102 Karpador Wasser
75%
7/102 Nockchan Kampf ☆H
75%
23/102 Arkani Feuer
73%
17/102 Bibor Pflanze
73%
28/102 Fukano Feuer
73%
33/102 Kokuna Pflanze
73%
3/102 Chaneira Farblos ☆H
72%
69/102 Hornliu Pflanze
72%
9/102 Magneton Elektro ☆H
72%
45/102 Raupy Pflanze
72%
21/102 Lektrobal Elektro
70%
53/102 Magnetilo Elektro
70%
54/102 Safcon Pflanze
70%
67/102 Voltobal Elektro
70%
11/102 Nidoking Pflanze ☆H
68%
12/102 Vulnona Feuer ☆H
67%
36/102 Magmar Feuer
66%
37/102 Nidorino Pflanze
66%
5/102 Piepi Farblos ☆H
66%
13/102 Quappo Wasser ☆H
66%
59/102 Quapsel Wasser
65%
38/102 Quaputzi Wasser
65%
16/102 Zapdos Elektro ☆H
65%
68/102 Vulpix Feuer
63%
26/102 Dratini Farblos
62%
55/102 Nidoran♂️ Pflanze
62%
64/102 Starmie Wasser
62%
65/102 Sterndu Wasser
62%
29/102 Alpollo Psycho
61%
47/102 Digda Kampf
61%
19/102 Digdri Kampf
61%
49/102 Traumato Psycho
61%
98/102 Feuer-Energie E -
59%
50/102 Nebulak Psycho
59%
62/102 Sandan Kampf
59%
18/102 Dragonir Farblos
58%
56/102 Onix Kampf
58%
66/102 Tangela Pflanze
58%
102/102 Wasser-Energie E -
58%
27/102 Porenta Farblos
57%
61/102 Rattfratz Farblos
57%
101/102 Psycho-Energie E -
56%
40/102 Rattikarl Farblos
56%
31/102 Rossana Psycho
56%
96/102 Doppelte farblose Energie E
54%
88/102 Professor Eich T
54%
100/102 Elektro-Energie E -
53%
97/102 Kampf-Energie E -
53%
41/102 Jurob Wasser
52%
60/102 Ponita Feuer
52%
39/102 Porygon Farblos
52%
48/102 Dodu Farblos
51%
25/102 Jugong Wasser
49%
94/102 Trank T
47%
99/102 Pflanzen-Energie E -
46%
91/102 Bill T
44%
51/102 Smogon Pflanze
44%
90/102 Supertrank T
35%
95/102 Tausch T
33%
73/102 Falscher Professor Eich T
25%
75/102 Göre T
25%
92/102 Energie-Absauger T
23%
85/102 Pokémon Center T
23%
79/102 Super Energie-Absauger T
23%
82/102 Hyperheiler T
22%
76/102 Pokémon-Züchter T
22%
77/102 Pokémon-Händler T
19%
71/102 Computersuche T
18%
81/102 Energiezugewinnung T
18%
89/102 Beleber T
15%
78/102 Aufwisch T
14%
80/102 Defender T
13%
84/102 PlusPower T
13%
74/102 Dedektor T
11%
87/102 Pokédex T
10%
93/102 Windhauch T
10%
72/102 Rückentwicklungs-Spray T
9%
70/102 Piepi-Puppe T
6%
86/102 Pokémon-Flöte T
6%
83/102 Wartung T
3%
Keine übereinstimmenden Quizze gefunden
Verteilung der Resultate
Anzahl Personen mit jedem Resultat
Perzentil nach korrekt beantworteten Fragen
Ihre Resultats-Entwicklung
Sie haben dieses Quiz noch nicht gespielt